L'histoire de la Grande Bretagne - Statistiques

Statistiques générales
  • Ce quiz a été pris 41 fois
  • Le résultat moyen est 22 sur 77
Statistiques - réponses
Repères chronologiques Questions Réponses % Correct
-3 000/-1 100 Monument mégalithique composé de structures circulaires concentriques Stonehenge
79%
1997 Princesse de Galles et épouse du prince Charles morte dans un accident de voiture Diana Spencer
68%
2020 Nom donné au retrait du Royaume Uni de l'Union européenne Le Brexit
68%
122/127 Fortification en pierre romaine construite au nord de l'Angleterre Le mur d'Hadrien
61%
1965 Mort de cet homme d'état et ancien premier ministre britannique Winston Churchill
61%
1953 Son couronnement est le premier a avoir été diffusé entièrement à la télévision Elisabeth II
55%
1167 Fondation par des étudiants de la Sorbonne de cette prestigieuse université L'université d'Oxford
55%
1979/1990 Premier ministre britannique surnomée la Dame de fer Margaret Thatcher
55%
1919/1922 Organisation armée participant à la guerre d'indépendance irlandaise Irish Republican Army
53%
1982 Guerre opposant le Royaume Uni à l'Argentine La guerre des Malouines
53%
1569/1570 Reine d'Ecosse à la tete du soulèvement des catholiques anglais du nord contre Elizabeth Ier Marie Stuart
53%
1956 Crise opposant la France, le Royaume Uni, Israel à l'Egypte de Nasser La crise du Canal de Suez
50%
1837 Devient reine du Royaume Uni de Grande Bretagne et d'Irlande Victoria
50%
1940/1941 Campagne de bombardements stratégiques menée par l'aviation allemande contre le Royaume Uni Le Blitz
47%
43 Capitale de la Bretagne romaine fondée suite à l'invasion conduite par l'empereur Claude Londinium
47%
500 Roi breton mythique, vainqueur de la bataille du Mont Badon face aux Anglo-Saxons Arthur Pendragon
45%
1936 Successeur d'Edouard VIII après son abdication suite à son mariage avec une Américaine divorcée George V
45%
1845/1852 Catastrophe de grande ampleur faisant 1 milion de morts en Irlande La grande famine d'Irlande
45%
1189/1192 Roi d'Angleterre principal opposant de Saladin lors de la 3eme croisade Richard Coeur de Lion
45%
2005 Organisation terroriste islamiste à l'origine d'une série d'attentats à Londres Al Qaida
42%
1415 Victoire anglaise marquant la reprise de la guerre de cent ans Bataille d'Azincourt
42%
1066 Bataille durant laquelle Guillaume de Normandie vainc le dernier roi anglo-saxon Bataille d'Hastings
42%
1666 Ravage 80% de la ville de Londres en quatre jours Le grand incendie de Londres
42%
1327 Roi d'Angleterre emprisonné, contraint à abdiquer et exécuté Edouard II
39%
1842 Région chinoise cédée par la dynastie Qing au Royaume Uni suite à la premiere guerre de l'opium Hong Kong
39%
1899 Deuxième guerre opposant les Britanniques à des états sud-africains néerlandais indépendants La deuxième guerre des Boers
37%
1805 Victoire maritime anglaise sur la flotte de Napoléon Bataille de Trafalgar
34%
1972 Tuerie durant laquelle l'armée britannique a ciblé des manifestants pacifiques en irlande du Nord Bloody Sunday
34%
1688/1689 Destitue le roi Jacques II lors de la Glorieuse Révolution Guillaume III prince d'Orange
32%
1455/1485 Guerre opposant la maison de Lancastre à la maison d'York, deux branches cadettes de la maison Plantagenet La guerre des Deux-Roses
32%
83/84 Confédération de tribus vivant dans l'actuelle Ecosse vaincue par Julius Agricola à la bataille du Mont Graupius Les Pictes
32%
1588 Nom de la flotte espagnole décimée par une tempete et vaincue par l'amiral Sir Francis Drake L'Invincible Armada
32%
1620 Bateau avec lequel les pères pélerins débarquent à Plymouth, sur la cote du Massachussetts Le Mayflower
29%
1527 Reine consort d'Angleterre, première épouse d'Henri VIII dont il demande l'annulation du mariage au pape Catherine d'Aragon
26%
1769 Dépose le brevet de la première machine à vapeur James Watt
26%
1788 Fondation d'un camp pénitentier sur cette colonie britannique d'Océanie L'Australie
26%
1912/1913 Militantes pour le droit de vote des femmes violemment réprimée Les sufragettes
26%
1215 Charte obtenue par les nobles, de Jean sans Terre, instaurant en droit les institutions anglaises Magna Carta
26%
1346 Victoire écrasante et décisive anglaise sur le royaume de France Bataille de Crécy
24%
1558 Perte de ce territoire anglais en France par Marie Tudor alors mariée à Philippe d'Espagne Calais
24%
865 Peuples scandinaves vikings qui conquiert une partie de l'est de l'Angleterre Les Danois
24%
1296/1298 Chevalier écossais résistant à l'invasion de l'Ecosse par l'Angleterre William Wallace
24%
1815 Général vainqueur de la bataille de Waterloo Arthur Wellesley
21%
1773 Révolte à Boston précédant la guerre d'indépendance américaine La Boston Tea Party
21%
1754/1760 Peuples autochtones d'Amérique du nord alliés aux Anglais dans la guerre de conquete contre les Français La confédération iroquoise
21%
1917 Déclaration soutenant la création d'un foyer national juif en Palestine Déclaration Balfour
18%
1707 Lois du Parlement proclamant la fusion du royaume d'Angleterre et d'Ecosse, créant le Royaume Uni Les actes d'Union
18%
60 Chefs religieux de la religion celte massacrés sur l'ile d'Anglesey menant à la révolte de Boadicée Les druides
18%
1821 Création de cette colonie anglaise en Afrique de l'ouest, actuelle Ghana Gold Coast
16%
1605 Attentat raté contre Jacques Ier et le Parlement conduit par Robert Catesby La conspiration des poudres
16%
889 Roi du Wessex qui parvient à fédérer les royaumes pour repousser les attaques vikings Alfred le Grand
13%
1135/1153 Période de troubles où les partisans d'Etienne de Blois et de Mathilde, fille d'Henri Ier, s'opposent pour le trone Anarchie anglaise
13%
1649 Régime politique proclamé, après l'éxecution du roi Charles Ier suite à la deuxième guerre civile Le Commonwealth d'Angleterre
13%
1904 Séries d'accords bilatéraux entre la France et le Royaume Uni pour régler leurs antagonismes L'Entente cordiale
13%
1857/1859 Soldats indiens en révolte contre la Compagnie des Indes orientales Les Cipayes
13%
1715/1719 Rebéllion de ce mouvement politique royaliste et catholique en Ecosse rattaché à la dynastie Stuart Les Jacobites
13%
367/368 Peuple originaire de l'est de l'Irlande participant à la grande coalition barbare, en vue d'envahir la Bretagne romaine Les Scots
13%
1170 Assassinat de cet archevèque engagé dans un conflit avec le roi Henri II Thomas Becket
13%
1497 Navigateur anglais atteignant la région de Terre-Neuve après avoir traversé l'atlantique Jean Cabot
11%
1016 Monarque de la maison Jelling qui, suite à la conquete de l'Angleterre, en devient le roi Knut le Grand
11%
1534 Texte de loi fondateur de l'Eglise anglicane affimant l'autorité du souverain sur le domaine religieux L'acte de suprématie
11%
1886/1893 Projet visant à donner une autonomie interne à l'Irlande proposé à deux reprises par Gladstone Le Home Rule
11%
1879 Empire d'Afrique du sud en lutte contre les Britanniques en Afrique du sud L'Empire zoulou
11%
455/457 Peuple germanique issu de l'actuel Danemark s'emparant du Kent après avoir écrasé les Britto-romains Les Jutes
11%
1485 Bataille durant laquelle le Gallois Henri Tudor s'impose face au dernier roi de la maison d'York Bataille de Bosworth
8%
1381 Célèbre pretre, figure importante de la révolte des paysans, avec Wat Tyler John Ball
8%
597 Création par Augustin, moine bénedictin, de cet archevéché dans le royaume du Kent L'archevéché de Cantorbéry
8%
730 Principal royaume anglo-saxon correspondant aux Midlands devenant le royaume dominant Le royaume de Mercie
8%
1846 Suppression de ces lois visant à protéger l'agriculture, dans une logique de libre échange Les Corn Laws
8%
429 Eveque, envoyé avec son compagnon Germain d'Auxerre, pour précher contre l'hérésie pélagienne Loup de Troyes
8%
1943 Campagnes de raids aériens anglo-américains menées sur la ville d'Hambourg Opération Gomorrhe
8%
-55/-54 Roi celte brittonique s'opposant aux expéditions romaines menées par Jules César Cassivellaunos
5%
296 César, et futur empereur, qui en faisant tuer l'usurpateur Allectus, rétablit l'autorité romaine en Bretagne Constance Chlore
5%
664 Concile qui unifie toutes les Eglises et soumet l'Angleterre et l'Irlande au rite romain Le concile de Whitby
5%
1360 Traité amenant à une trève de 9 ans lors de la guerre de cent ans Traité de Bretigny
5%
197 Gouverneur de Bretagne et usurpateur du titre d'empereur, tué par Septime Sévère Clodius Albinus
3%
1258/1259 Considérée comme la première constitution anglaise imposant un gouvernement où le pouvoir est aux mains d'un conseil Les Provisions d'Oxford
3%
Aucun quiz correspondant
Distribution des résultats
% des personnes avec chaque résultat
Percentile par nombre de réponses
Votre historique - résultats
Vous n’avez pas pris ce quiz